Increasing the accountability of offenders in intimate partner violence misdemeanor cases

Saved in:  
Bibliographic Details
Authors: Harrell, Adele V. (Author) ; Castro, Jennifer (Author)
Format: Electronic Article
Language:English
Published: American Society of Criminology 2006
In:Enthalten in: American Society of Criminology 2006 Annual Meeting
Online Access: Volltext (lizenzpflichtig)
Check availability: HBZ Gateway
Keywords:

MARC

LEADER 00000caa a22000002c 4500
001 1912588579
003 DE-627
005 20250124054959.0
007 cr uuu---uuuuu
008 241217s2006 xx |||||o 00| ||eng c
035 |a (DE-627)1912588579 
035 |a (DE-599)KXP1912588579 
040 |a DE-627  |b ger  |c DE-627  |e rda 
041 |a eng 
084 |a 2,1  |2 ssgn 
100 1 |a Harrell, Adele V.  |e VerfasserIn  |4 aut 
109 |a Harrell, Adele V.  |a Vogel Harrell, Adele  |a Harrell, Adele 
245 1 0 |a Increasing the accountability of offenders in intimate partner violence misdemeanor cases 
264 1 |b American Society of Criminology  |c 2006 
336 |a Text  |b txt  |2 rdacontent 
337 |a Computermedien  |b c  |2 rdamedia 
338 |a Online-Ressource  |b cr  |2 rdacarrier 
655 4 |a Konferenzschrift ; 2006 ; Los Angeles, CA 
700 1 |a Castro, Jennifer  |e VerfasserIn  |4 aut 
773 0 8 |i Enthalten in  |t American Society of Criminology 2006 Annual Meeting 
787 0 8 |i Forschungsdaten  |a Harrell, Adele  |t Evaluation of a Demonstration for Enhanced Judicial Oversight of Domestic Violence Cases in Milwaukee, Wisconsin; Washtenaw County, Michigan; and Dorchester, Massachusetts; 1997-2004  |d [Erscheinungsort nicht ermittelbar] : [Verlag nicht ermittelbar], 2011  |w (DE-627)1840050551 
856 4 0 |u https://convention2.allacademic.com/one/asc/asc06/index.php?click_key=1&cmd=Multi+Search+Search+Load+Publication&publication_id=125727&PHPSESSID=b0oa188llj554a4cp7aaadfcf0  |x Verlag  |z lizenzpflichtig  |3 Volltext  |7 1 
935 |a mkri 
951 |a AR 
ELC |a 1 
LOK |0 000 xxxxxcx a22 zn 4500 
LOK |0 001 4637554071 
LOK |0 003 DE-627 
LOK |0 004 1912588579 
LOK |0 005 20241217044603 
LOK |0 008 241217||||||||||||||||ger||||||| 
LOK |0 035   |a (DE-2619)ICPSR161238 
LOK |0 040   |a DE-2619  |c DE-627  |d DE-2619 
LOK |0 092   |o n 
LOK |0 852   |a DE-2619 
LOK |0 852 1  |9 00 
LOK |0 935   |a uvkn  |a nacp 
LOK |0 939   |a 17-12-24  |b l01 
ORI |a SA-MARC-krimdoka001.raw